|
|
|
|
| LEADER |
00927nam a22002297a 4500 |
| 001 |
AAL6873 |
| 003 |
BD-DhAAL |
| 005 |
20160124193221.0 |
| 008 |
160124m20051999bd a|||| |||| 001 0 b d |
| 020 |
|
|
|a 9844581788
|
| 040 |
|
|
|a BD-DhAAL
|c BD-DhAAL
|
| 082 |
|
|
|a 954.92
|
| 100 |
|
|
|a রহমান, মো. মাহবুবর
|9 17548
|
| 245 |
|
|
|a বাংলাদেশের ইতিহাস ১৯৪৭-৭১ /
|c মো. মাহবুবর রহমান
|
| 260 |
|
|
|a ঢাকা :
|b সময় প্রকাশন,
|c ২০০৫.
|
| 300 |
|
|
|a ৪৪৪ পৃ. :
|b চিত্র ;
|c ২২ সে.মি.
|
| 500 |
|
|
|a Includes index.
|
| 541 |
|
|
|e 6873
|
| 651 |
|
|
|a Bangladesh
|x History
|9 17549
|
| 942 |
|
|
|2 ddc
|c BK
|
| 999 |
|
|
|c 36676
|d 36676
|
| 952 |
|
|
|0 0
|1 0
|2 ddc
|4 0
|6 954_920000000000000_RAH
|7 0
|9 57683
|a SCL
|b SCL
|c GEN
|d 2016-01-24
|g 250.00
|l 18
|m 27
|o 954.92 RAH
|p 3020006873
|r 2025-09-11
|s 2025-08-10
|t 1
|w 2016-01-24
|y BK
|